000 01315nam a22002777a 4500
005 20090718133547.0
008 090714t xxu||||| |||| 00| 0 hin d
010 _aHIN-87353
020 _a9788170564805
_c300.00
035 _aHN-59699
037 _bDBAD / PUB
040 _adpl
_bhn
082 _a343.54099
100 _aजैन, रमेश
245 _aभारत में मीडिया कानून /
_cरमेश जैन
246 _aBharat men media kaanuna
_bby Ramesh Jain
260 _aजयपुर
_bपंचशील प्रकाशन
_c2009
270 _aफिल्म कॉलोनी, चौड़ा रास्ता
_bजयपुर
_e302003
_k0141-2315072
_l5113854
300 _aii,382पृ..
_c22सेमी (अजिल्द)
650 _aजनसंचार
_xविधि और विधान
650 _aMass media
_xLaw and legislation
650 _aपत्रकारिता नीति संहिता
_zभारत
650 _aJournalistic ethics
_zIndia
942 _2ddc
_cHN
_mजैनर
_h343.54099
999 _c28401
_d28401